00186nam a2200085Ia 4500008004100000100001600041245001800057260001600075260000900091170620s9999 xx 000 0 und d aDIAS- R.W.M 0aJURISPRUDENCE bLEXIS NEXIS c2008